Statistics for Five Longest International Borders by Continent

Click here to take the quiz!

General Stats

  • This quiz has been taken 389 times
  • The average score is 34 of 36

Answer Stats

Continent Length (kilometers) Country % Correct
Asia / Europe6,846K, 3,645C, 3,543M, 1,576U, 1,340F, 959BRussia
100%
North America8,891C 3,141MUnited States
99%
North America3,141U, 962GMexico
99%
South America5,308C, 1,880PArgentina
99%
North America8,891Canada
99%
South America3,400B, 2,200VBrazil
99%
Asia4,677M, 3,645RChina
99%
Asia4,677C, 3,543RMongolia
98%
South America5,308Chile
98%
Asia6,846Kazakhstan
97%
Asia4,053India
97%
Africa2,511A, 2,410R, 1,930ZDR Congo
97%
Europe1,619Sweden
96%
Europe1,619Norway
96%
Europe1,576Ukraine
96%
Europe1,340Finland
96%
South America3,400Bolivia
95%
Africa2,410D, 1,903GRep. of Congo
95%
South America2,050Colombia
94%
North America962Guatemala
94%
South America1,880Paraguay
94%
Europe959Belarus
93%
North America922Honduras
93%
North America360Dom. Republic
93%
South America2,200B, 2,050CVenezuela
93%
North America922Nicaragua
92%
North America360Haiti
92%
(Indonesia)820Papua New Guinea
91%
Europe1,214Spain
91%
Europe1,214Portugal
90%
Asia4,053Bangladesh
90%
Africa2,511Angola
88%
Africa2,237Mali
84%
Africa2,237Mauritania
81%
Africa1,930Zambia
79%
Africa1,903Gabon
72%

Score Distribution

Percentile by Number Answered

Percent of People with Each Score

Your Score History

You have not taken this quiz